| 000 | 00407nam a2200169Ia 4500 | ||
|---|---|---|---|
| 008 | 180207s9999 xx 000 0 und d | ||
| 020 | _a9780006645054 | ||
| 050 | _bB988 1994 | ||
| 100 | _aButterworth, Nick | ||
| 245 | 4 | _aThe secret path / | |
| 245 | _cNick Butterworth. | ||
| 260 | _aLondon : | ||
| 260 | _bPictureLions, | ||
| 260 | _c1994 | ||
| 300 | _aunpaged : | ||
| 300 | _bcolor illustration ; | ||
| 999 |
_c355279 _d355279 |
||